Beyond the Beaten Path (Record no. 43535)

MARC details
000 -LEADER
fixed length control field 00503nam a22001817a 4500
005 - DATE AND TIME OF LATEST TRANSACTION
control field 20250403152825.0
008 - FIXED-LENGTH DATA ELEMENTS--GENERAL INFORMATION
fixed length control field 250403b |||||||| |||| 00| 0 eng d
020 ## - INTERNATIONAL STANDARD BOOK NUMBER
International Standard Book Number 9789354355202
041 ## - LANGUAGE CODE
Language code of text/sound track or separate title eng
082 ## - DEWEY DECIMAL CLASSIFICATION NUMBER
Classification number 658.421 KAT
100 ## - MAIN ENTRY--PERSONAL NAME
Author Katiyar, Gagan
245 ## - TITLE STATEMENT
Title Beyond the Beaten Path
260 ## - PUBLICATION, DISTRIBUTION, ETC.
Place New Delhi
Publisher Bloomsbury Academic India
Publication Year 2022
300 ## - PHYSICAL DESCRIPTION
Extent 132;. pages: 24 cm
650 ## - SUBJECT ADDED ENTRY--TOPICAL TERM
Subject Entrepreneurship; Social Service ; Skill Development
700 ## - ADDED ENTRY--PERSONAL NAME
Co-Author Sahay, Arunaditya
942 ## - ADDED ENTRY ELEMENTS (KOHA)
Koha item type Books
Holdings
Withdrawn status Lost status Source of classification or shelving scheme Damaged status Not for loan Home library Current library Shelving location Accession Date Vendor Price Bill number Total Checkouts Full call number Barcode No Date last seen Discount Bill Date Koha item type Suggested By
    Dewey Decimal Classification     IMTN IMTN Rack 27-B 03/26/2025 Raghav Books Private Limited 499.00 2374   658.421 KAT 33815 04/03/2025 30 02/14/2025 Books Dr. Mantha Raghu (Head Librarian)
Designed & Maintained by: LRC IMT Nagpur Contact: lrc@imtnag.ac.in© 2024. All Rights Reserved.